LEADER 01678nas 2200553-a 450 001 996212894103316 005 20230130213021.0 011 $a1177-3936 035 $a(DE-599)ZDB2570655-X 035 $a(OCoLC)174144056 035 $a(CKB)1000000000281039 035 $a(CONSER)--2007243567 035 $a(EXLCZ)991000000000281039 100 $a20071015b20062017 --- - 101 0 $aeng 135 $aur||||||||||| 181 $ctxt$2rdacontent 182 $cc$2rdamedia 183 $acr$2rdacarrier 200 00$aIntegrative medicine insights 210 $aAuckland, N.Z. $cLibertas Academica$d2006- 210 31$aThousand Oaks, CA :$cSAGE Publications 215 $a1 online resource 300 $aRefereed/Peer-reviewed 517 1 $aIntegr Med Insights 531 $aINTEGR MED INSIGHTS 531 $aENG 606 $aIntegrative medicine$vPeriodicals 606 $aAlternative medicine$vPeriodicals 606 $aMedicine 606 $aComplementary & Alternative Medicine$2ebps 606 $aAlternative medicine$2fast$3(OCoLC)fst00806153 606 $aIntegrative medicine$2fast$3(OCoLC)fst00975672 608 $aPeriodical. 608 $aFulltext. 608 $aInternet Resources. 608 $aPeriodicals. 608 $aPeriodicals.$2fast 610 $aAlternative Medicine 615 0$aIntegrative medicine 615 0$aAlternative medicine 615 12$aMedicine. 615 7$aComplementary & Alternative Medicine. 615 7$aAlternative medicine. 615 7$aIntegrative medicine. 906 $aJOURNAL 912 $a996212894103316 996 $aIntegrative medicine insights$92132637 997 $aUNISA